00298 a2200133 450000100060000002000180000604000240002410000200004824000270006824500220009530000070011736200090012465000310013347360 a9788562549281 cAnchieta - Aquarius aMurray, Roseana10aO mar e os sonhoslpor10aO mar e os sonhos a390 a2011 4aLiteratura infanto-juvenil